Who composed this? - Statistics

General Stats
  • This quiz has been taken 9 times
  • The average score is 6 of 10
Answer Stats
Hint Answer % Correct
Pathétique Ludwig van Beethoven
100%
Messiah George Frideric Handel
88%
Christ lag in Todes Banden Johann Sebastian Bach
75%
Gallimathias musicum Wolfgang Amadeus Mozart
75%
The Firebird Igor Stravinsky
63%
Surprise Symphony Joseph Haydn
63%
Boléro Maurice Ravel
63%
Karelia Suite Jean Sibelius
50%
Atmospheres György Ligeti
25%
Magnificat Tertii Toni Giovanni Pierluigi da Palestrina
13%
No matching quizzes found
Score Distribution
Percent of People with Each Score
Percentile by Number Answered
Your Score History
You have not taken this quiz